History Quiz

Random History or Biography Quiz
Score 0/18 Timer 06:00
0 Plays Today
Index Name % Correct
AH (1555 - Present)Anne Hathaway
85.5%
JJ (1847 - Present)Jesse James
81%
GM (1939 - 2016)George Michael
78.4%
JPJ (1747 - Present)John Paul Jones
72%
JJ (1887 - Present)Joe Jackson
70.9%
MP (1794 - Present)Matthew Perry
69.3%
RB (1821 - 1984)Richard Burton
69.1%
KR (1938 - Present)Kenny Rogers
68.7%
BW (1942 - Present)Brian Wilson
67.6%
Index Name % Correct
MC (1890 - Present)Michael Collins
58.9%
MW (1980 - Present)Michelle Williams
55.4%
WC (1690 - Present)William (Bill) Cosby
55%
FB (1561 - 1992)Francis Bacon
54.4%
GC (1739 - Present)George Clinton
53.5%
JJ (1878 - Present)Jack Johnson
50.6%
AS (1835 - 1965)Adlai Stevenson
46.2%
FM (1930 - Present)Frank McCourt
41.6%
TW (1900 - 2018)Thomas (Tom) Wolfe
37.4%
Remove Ads.
Support Sporcle.
Get the best of Sporcle when you Go Orange. This ad-free experience offers more features, more stats, and more fun while also helping to support Sporcle. Thank you for becoming a member.

You're not logged in!

Compare scores with friends on all Sporcle quizzes.
OR
Log In

Show Comments

Extras

Top Quizzes Today


Score Distribution

Your Account Isn't Verified!

In order to create a playlist on Sporcle, you need to verify the email address you used during registration. Go to your Sporcle Settings to finish the process.

Report this User

Report this user for behavior that violates our Community Guidelines.

Details: